| 000 | 00946nam a22002897a 4500 | ||
|---|---|---|---|
| 001 | 10114 | ||
| 003 | FISKH | ||
| 005 | 20260421110100.0 | ||
| 008 | 260421b cb ||||| |||| 00| 0 eng d | ||
| 020 | _a9781842709498 | ||
| 040 |
_aFISKH _beng _cFISKH _dFISKH |
||
| 050 | _aPZ7 .V266 .P | ||
| 082 | _a813.54 | ||
| 100 |
_aAllsburg, Chris Van _eAuthor |
||
| 245 |
_aThe polar express / _cWritten and illustrated by Chris Van Allsburg |
||
| 260 |
_aLondon : _bAndersen Press , _c1985 |
||
| 300 |
_a30 unnumbered pages : _bcolor illustrations ; _c23 x 29 cm |
||
| 505 | _aL | ||
| 520 | _aA magical train ride on Christmas Eve takes a boy to the North Pole to receive a special gift from Santa Claus. | ||
| 521 | 8 |
_a520
_bLexile |
|
| 521 | 8 |
_aL
_bRaz-Plus |
|
| 650 |
_aChildren's fiction _vChildren's literature |
||
| 650 |
_aKids _vMagic |
||
| 700 |
_aAllsburg, Chris Van _eIllustrator |
||
| 942 |
_2ddc _cBK _n0 |
||
| 999 |
_c10114 _d10114 |
||